Empowerment of women (Record no. 745882)

MARC details
000 -LEADER
fixed length control field 00417nam a22001577a 4500
005 - DATE AND TIME OF LATEST TRANSACTION
control field 20230302111223.0
008 - FIXED-LENGTH DATA ELEMENTS--GENERAL INFORMATION
fixed length control field 230302b sa ||||| |||| 00| 0 eng d
020 ## - INTERNATIONAL STANDARD BOOK NUMBER
International Standard Book Number <a href="9789381421055">9789381421055</a>
040 ## - CATALOGING SOURCE
Transcribing agency 3228
082 ## - DEWEY DECIMAL CLASSIFICATION NUMBER
Classification number 305.4 KUMA
942 ## - ADDED ENTRY ELEMENTS
Creator ID 163
Creator Name Khulile Ngwenya
Modifier ID 163
Modifier Name Khulile Ngwenya
100 ## - MAIN ENTRY--PERSONAL NAME
Personal name Kumari Madhu
245 ## - TITLE STATEMENT
Title Empowerment of women
Statement of responsibility, etc. Kumari Madhu
260 ## - PUBLICATION, DISTRIBUTION, ETC.
Place of publication, distribution, etc. India
Name of publisher, distributor, etc. Random Publications
Date of publication, distribution, etc. 2016
300 ## - PHYSICAL DESCRIPTION
Extent 248 pages
Dimensions 22 cm
942 ## - ADDED ENTRY ELEMENTS
Source of classification or shelving scheme Dewey Decimal Classification
item type Book
Holdings
Withdrawn status Lost status Source of classification or shelving scheme Damaged status Not for loan Home library Current library Date acquired Total Checkouts Full call number Barcode Date last seen Price effective from item type
    Dewey Decimal Classification     LYDENBURG REGIONAL LIBRARY Simile 02.03.2023   305.4 KUMA 33228031029626 02.03.2023 02.03.2023 Book